[Event "VII Torneo Banco di Roma B"]
[Site "Roma ITA"]
[Date "1983.02.??"]
[Round "1"]
[White "Martorelli, Antonio"]
[Black "D'Amore, Carlo"]
[Result "0-1"]
[WhiteElo "2250"]
[BlackElo "2305"]
[PlyCount "80"]
[EventDate "1983.02.19"]

1. c4 Nf6 2. Nc3 g6 3. e4 d6 4. d4 Bg7 5. Be2 O-O 6. Bg5 c5 7. d5 h6 8. Bf4 e6
9. dxe6 Bxe6 10. Bxd6 Re8 11. Nf3 Qb6 12. O-O Rd8 13. e5 Ne8 14. Ne4 Qc6 15. b4
Nxd6 16. Nxc5 Bc8 17. Rb1 b6 18. Nd4 Qe8 19. exd6 bxc5 20. Nb5 Na6 21. Bf3 Be6
22. bxc5 Rac8 23. Re1 Nxc5 24. Nxa7 Rb8 25. Bc6 Rxb1 26. Qxb1 Qf8 27. Nb5 Bxc4
28. g3 Bxb5 29. Qxb5 Qxd6 30. Bf3 Bd4 31. a4 Kg7 32. a5 Rb8 33. Qc4 Nd3 34. Rd1
Ne5 35. Qe2 Nxf3+ 36. Qxf3 Rb2 37. Qg4 Bxf2+ 38. Kf1 Qa6+ 39. Kg2 Qa8+ 40. Kh3
Be3 0-1

[Event "VII Torneo Banco di Roma B"]
[Site "Roma ITA"]
[Date "1983.02.??"]
[Round "1"]
[White "Roos, Daniel"]
[Black "Danner, Georg"]
[Result "1/2-1/2"]
[WhiteElo "2415"]
[BlackElo "2420"]
[PlyCount "30"]
[EventDate "1983.02.19"]

1. e4 c5 2. Nc3 d6 3. g3 g6 4. Bg2 Bg7 5. d3 Nc6 6. f4 e5 7. Nh3 exf4 8. Bxf4
Nge7 9. O-O O-O 10. Qd2 Ne5 11. Bh6 Be6 12. Bxg7 Kxg7 13. Nf4 Qa5 14. Qe3 b5
15. Nce2 Bg4 1/2-1/2

[Event "VII Torneo Banco di Roma B"]
[Site "Roma ITA"]
[Date "1983.02.??"]
[Round "1"]
[White "Sibilio, Mario"]
[Black "Bruno, Fabio"]
[Result "1/2-1/2"]
[WhiteElo "2250"]
[BlackElo "2295"]
[PlyCount "39"]
[EventDate "1983.02.19"]

1. e4 c5 2. f4 d5 3. exd5 Qxd5 4. Nc3 Qd8 5. Nf3 Nc6 6. Bb5 Bd7 7. O-O a6 8.
Bxc6 Bxc6 9. Ne5 Qc7 10. Qe2 Nh6 11. f5 g6 12. d3 Nxf5 13. Bf4 Bh6 14. Bxh6
Nxh6 15. Qe3 Nf5 16. Qxc5 f6 17. Nxc6 Qxc6 18. Qxc6+ bxc6 19. Rae1 h5 20. Ne4
1/2-1/2

[Event "VII Torneo Banco di Roma B"]
[Site "Roma ITA"]
[Date "1983.02.??"]
[Round "1"]
[White "Skembris, Spyridon"]
[Black "Kovacs, Laszlo M."]
[Result "1-0"]
[WhiteElo "2405"]
[BlackElo "2350"]
[PlyCount "52"]
[EventDate "1983.02.19"]

1. d4 Nf6 2. c4 e6 3. Nf3 d5 4. Nc3 Be7 5. Bg5 h6 6. Bh4 O-O 7. e3 b6 8. Qc2
Bb7 9. O-O-O Nbd7 10. Rg1 Ne4 11. Bxe7 Qxe7 12. Nxe4 dxe4 13. Nd2 f5 14. g4 Qh4
15. Rg3 Nf6 16. h3 fxg4 17. hxg4 Nxg4 18. Bh3 Nxf2 19. Bxe6+ Kh8 20. Rdg1 Rae8
21. d5 Re7 22. Kb1 Bc8 23. Qc3 Nd1 24. Qd4 c5 25. dxc6 Bxe6 26. Rxg7 Qf6 1-0

[Event "VII Torneo Banco di Roma B"]
[Site "Roma ITA"]
[Date "1983.02.??"]
[Round "2"]
[White "Bruno, Fabio"]
[Black "Roos, Daniel"]
[Result "1/2-1/2"]
[WhiteElo "2295"]
[BlackElo "2415"]
[PlyCount "78"]
[EventDate "1983.02.19"]

1. c4 Nf6 2. Nc3 d5 3. cxd5 Nxd5 4. e4 Nxc3 5. dxc3 Qxd1+ 6. Kxd1 e5 7. Be3 Nd7
8. Bc4 Bc5 9. Ke2 a5 10. Nf3 Bxe3 11. Kxe3 Nb6 12. Nxe5 f6 13. Bb5+ c6 14. Nxc6
bxc6 15. Bxc6+ Ke7 16. Bxa8 Nxa8 17. Rhd1 Be6 18. b3 Nb6 19. c4 Rc8 20. f3 g5
21. Rd4 Nd7 22. Rd5 Bxd5 23. exd5 Kd6 24. Kd4 Re8 25. a3 Re2 26. b4 Rd2+ 27.
Kc3 Rxg2 28. Rd1 Rxh2 29. c5+ Kc7 30. Kc4 axb4 31. axb4 Rb2 32. Rh1 Ne5+ 33.
Kc3 Rf2 34. Rxh7+ Kc8 35. b5 Rxf3+ 36. Kb4 Nd3+ 37. Kc4 Ne5+ 38. Kb4 Nd3+ 39.
Kc4 Ne5+ 1/2-1/2

[Event "VII Torneo Banco di Roma B"]
[Site "Roma ITA"]
[Date "1983.02.??"]
[Round "2"]
[White "D'Amore, Carlo"]
[Black "Sibilio, Mario"]
[Result "1/2-1/2"]
[WhiteElo "2305"]
[BlackElo "2250"]
[PlyCount "53"]
[EventDate "1983.02.19"]

1. Nf3 Nf6 2. g3 g6 3. Bg2 Bg7 4. O-O O-O 5. c4 c6 6. Nc3 d5 7. cxd5 cxd5 8. d4
Ne4 9. Nxe4 dxe4 10. Ne5 Nd7 11. Nxd7 Qxd7 12. Bxe4 Qxd4 13. Qxd4 Bxd4 14. Rd1
Bg7 15. Bf4 Bxb2 16. Rab1 Ba3 17. Bxb7 Bxb7 18. Rxb7 Rfc8 19. Rd3 Bc5 20. Rdd7
a5 21. a4 Ra6 22. Rdc7 Rxc7 23. Bxc7 Bb4 24. Bb6 f5 25. Kg2 Kf7 26. Kf3 Ke6 27.
e4 1/2-1/2

[Event "VII Torneo Banco di Roma B"]
[Site "Roma ITA"]
[Date "1983.02.??"]
[Round "2"]
[White "Gobet, Fernand"]
[Black "Danner, Georg"]
[Result "0-1"]
[WhiteElo "2410"]
[BlackElo "2420"]
[PlyCount "152"]
[EventDate "1983.02.19"]

1. e4 c5 2. Nf3 d6 3. d4 cxd4 4. Qxd4 a6 5. Bg5 Nc6 6. Qd2 h6 7. Bh4 g6 8. c3
Bg7 9. Na3 Nf6 10. Bd3 Bg4 11. Nd4 Nxd4 12. cxd4 g5 13. Bg3 Nh5 14. O-O Qb6 15.
e5 Nxg3 16. hxg3 dxe5 17. dxe5 Rd8 18. Qc2 Qd4 19. Bf5 Bxf5 20. Qxf5 Qxe5 21.
Qf3 Qd5 22. Qe2 Qd3 23. Rfe1 Qxe2 24. Rxe2 O-O 25. Nc4 e6 26. Ne5 Rd5 27. Nc4
Rfd8 28. Rc1 Rc8 29. Rec2 Rdc5 30. b3 h5 31. a4 Kf8 32. Kf1 g4 33. a5 Rd8 34.
Ke2 Rcd5 35. Rh1 Bf6 36. Rhc1 Rb5 37. Rb1 Kg7 38. Rd2 Rxd2+ 39. Kxd2 Bd4 40.
Ke2 Bc3 41. Rd1 Bxa5 42. Rd7 Bc3 43. f4 gxf3+ 44. gxf3 Be5 45. f4 Bb8 46. Rd8
Bc7 47. Rd7 Rc5 48. Nd2 Rc2 49. Kd1 Rc6 50. Ne4 Kg6 51. Ke2 b5 52. b4 h4 53.
gxh4 Bxf4 54. Kf3 Rc7 55. Rd1 Be5 56. Rg1+ Kh6 57. Rg8 Bc3 58. Nf2 f5 59. Re8
Rc6 60. Nd3 Kg6 61. Kf4 Rc4+ 62. Kf3 Kf7 63. Ra8 Rd4 64. Nf4 Bd2 65. Rf8+ Ke7
66. Ng6+ Kd7 67. Rf7+ Kc6 68. Ra7 Kb6 69. Re7 Re4 70. Nf8 Bxb4 71. Rxe6+ Ka5
72. Rf6 Bxf8 73. Rxf8 Rxh4 74. Rxf5 Rd4 75. Ke3 Rd6 76. Rf1 b4 0-1

[Event "VII Torneo Banco di Roma B"]
[Site "Roma ITA"]
[Date "1983.02.??"]
[Round "2"]
[White "Kovacs, Laszlo M."]
[Black "Martorelli, Antonio"]
[Result "0-1"]
[WhiteElo "2350"]
[BlackElo "2250"]
[PlyCount "76"]
[EventDate "1983.02.19"]

1. Nf3 Nf6 2. d4 g6 3. c4 Bg7 4. Nc3 O-O 5. e4 d6 6. Be2 e5 7. d5 a5 8. h3 Na6
9. Bg5 Qe8 10. Nd2 Bd7 11. Bg4 Nc5 12. Bxd7 Qxd7 13. Bxf6 Bxf6 14. O-O Bg5 15.
Nb3 Na4 16. Nxa4 Qxa4 17. Qc2 f5 18. Rae1 b6 19. Nd4 Qxc2 20. Nxc2 Rf7 21. f3
Bd2 22. Re2 Bb4 23. exf5 Bc5+ 24. Kh2 gxf5 25. b3 Rb8 26. a4 f4 27. g4 fxg3+
28. Kxg3 Rbf8 29. Re4 h5 30. Ne1 Kh7 31. Nd3 Rg7+ 32. Kh4 Bg1 33. f4 Bh2 34.
Rf3 exf4 35. Nxf4 Rgf7 36. Kxh5 Bxf4 37. Kg4 Rg7+ 38. Kh4 Rh8 0-1

[Event "VII Torneo Banco di Roma B"]
[Site "Roma ITA"]
[Date "1983.02.??"]
[Round "3"]
[White "Danner, Georg"]
[Black "Bruno, Fabio"]
[Result "0-1"]
[WhiteElo "2420"]
[BlackElo "2295"]
[PlyCount "74"]
[EventDate "1983.02.19"]

1. d4 Nf6 2. c4 e6 3. Nc3 Bb4 4. e3 b6 5. Nge2 Ne4 6. f3 Nxc3 7. bxc3 Be7 8.
Ng3 d6 9. Bd3 c5 10. dxc5 Bb7 11. cxb6 axb6 12. Qb3 O-O 13. Kf2 Nd7 14. Ba3 f5
15. Rhd1 d5 16. Bxe7 Qxe7 17. Qb4 Nc5 18. cxd5 Bxd5 19. Bxf5 Bxf3 20. gxf3 exf5
21. Qc4+ Kh8 22. Rd5 Ra4 23. Qe2 Qh4 24. Kg2 f4 25. Rh5 Qd8 26. Rd1 Qa8 27.
exf4 Raxf4 28. Rhd5 h6 29. Ne4 Ne6 30. Rd6 Rxf3 31. Qc4 Ng5 32. Qd4 Rf2+ 33.
Kh1 Nxe4 34. Rxh6+ Kg8 35. Qc4+ R2f7 36. Rd5 Nxc3 37. Qd3 Qxd5+ 0-1

[Event "VII Torneo Banco di Roma B"]
[Site "Roma ITA"]
[Date "1983.02.??"]
[Round "3"]
[White "Roos, Daniel"]
[Black "D'Amore, Carlo"]
[Result "1-0"]
[WhiteElo "2415"]
[BlackElo "2305"]
[PlyCount "67"]
[EventDate "1983.02.19"]

1. e4 e5 2. Nf3 Nc6 3. Bc4 Nf6 4. d3 h6 5. c3 d6 6. Nbd2 g6 7. O-O Bg7 8. b4
O-O 9. a4 Nh5 10. Re1 Kh7 11. b5 Ne7 12. d4 exd4 13. cxd4 d5 14. exd5 Nxd5 15.
Ba3 Rg8 16. Qb3 Be6 17. Ne4 b6 18. Ne5 Nhf6 19. Nxf6+ Bxf6 20. Qf3 Kg7 21. g3
h5 22. Rac1 h4 23. Bd3 Bg5 24. Rc6 Qf6 25. Qe4 Rad8 26. Nxg6 hxg3 27. hxg3 Nc3
28. Rxc3 Rxd4 29. Qc6 Bd2 30. Be7 Bxe1 31. Bxf6+ Kxf6 32. Qf3+ Kg7 33. Rxc7 Bb4
34. Nf4 1-0

[Event "VII Torneo Banco di Roma B"]
[Site "Roma ITA"]
[Date "1983.02.??"]
[Round "3"]
[White "Sibilio, Mario"]
[Black "Kovacs, Laszlo M."]
[Result "0-1"]
[WhiteElo "2250"]
[BlackElo "2350"]
[PlyCount "202"]
[EventDate "1983.02.19"]

1. b3 e5 2. Bb2 Nc6 3. e3 Nf6 4. Bb5 Qe7 5. Nf3 e4 6. Nd4 Nxd4 7. Bxd4 c6 8.
Be2 d5 9. c4 dxc4 10. bxc4 Qe6 11. Nc3 Be7 12. Rb1 O-O 13. Qc2 Re8 14. O-O c5
15. Bxf6 Bxf6 16. Nd5 Be5 17. f4 exf3 18. Rxf3 Qh6 19. h3 b6 20. Rbf1 Be6 21.
Bd3 Rad8 22. Bf5 Bxd5 23. cxd5 Bb8 24. Qc4 Re7 25. Bc2 Bd6 26. Qg4 Bc7 27. Rf6
g6 28. Bb3 Rd6 29. Rxd6 Bxd6 30. Rf6 Be5 31. Rc6 Qh5 32. Qc8+ Kg7 33. d6 Qh4
34. Kf1 Qf6+ 35. Ke2 Bxd6 36. a4 Qe5 37. Qg4 h5 38. Qf3 Rd7 39. Qd5 Qxd5 40.
Bxd5 Be5 41. Bf3 h4 42. Be4 Bb2 43. Bc2 Bc1 44. d3 Re7 45. e4 Ba3 46. Bb3 Bb4
47. Bc4 Bc3 48. Bb3 Bd4 49. Bc4 Kh6 50. Kf3 Kg5 51. Bd5 Kh6 52. Ke2 Kh5 53. Bc4
f6 54. Re6 Rg7 55. Re8 Kg5 56. Kf3 Be5 57. Re6 Rb7 58. Bb5 Bd4 59. Re8 Rg7 60.
Bc4 Be5 61. Bb5 Bg3 62. Bc4 Rd7 63. Re6 Rd4 64. Ke2 f5 65. exf5 gxf5 66. Re3
Rd7 67. Re6 Bh2 68. Re3 Bg1 69. Re6 Bd4 70. Bb5 Rg7 71. Kf3 f4 72. Ke4 f3 73.
Kxf3 Kf5 74. Re4 Rg3+ 75. Ke2 Rxg2+ 76. Kd1 Kg5 77. Bd7 Rg3 78. Ke2 Bf6 79. Re8
a6 80. Rb8 Bd4 81. Ra8 Kf4 82. Rf8+ Ke5 83. Ra8 Rg2+ 84. Kf3 Rg3+ 85. Ke2 a5
86. Rf8 Kd6 87. Rf7 Rg2+ 88. Kd1 Bc3 89. Bb5 Rh2 90. Rb7 Rxh3 91. Rxb6+ Ke5 92.
Ke2 Kf4 93. Rg6 Rh2+ 94. Kf1 Bd4 95. Rg8 h3 96. Bc6 Ra2 97. Rf8+ Kg3 98. Rg8+
Kf4 99. Rf8+ Ke5 100. Ra8 h2 101. Rxa5 Rf2+ 0-1

[Event "VII Torneo Banco di Roma B"]
[Site "Roma ITA"]
[Date "1983.02.??"]
[Round "3"]
[White "Skembris, Spyridon"]
[Black "Gobet, Fernand"]
[Result "1/2-1/2"]
[WhiteElo "2405"]
[BlackElo "2410"]
[PlyCount "31"]
[EventDate "1983.02.19"]

1. d4 Nf6 2. c4 e6 3. Nf3 c5 4. d5 exd5 5. cxd5 d6 6. Nc3 g6 7. e4 Bg7 8. Be2
O-O 9. O-O Re8 10. Nd2 Nbd7 11. f3 a6 12. Nc4 Ne5 13. Nxe5 Rxe5 14. a4 b6 15.
Bf4 Re8 16. Qd2 1/2-1/2

[Event "VII Torneo Banco di Roma B"]
[Site "Roma ITA"]
[Date "1983.02.??"]
[Round "4"]
[White "D'Amore, Carlo"]
[Black "Danner, Georg"]
[Result "1-0"]
[WhiteElo "2305"]
[BlackElo "2420"]
[PlyCount "105"]
[EventDate "1983.02.19"]

1. Nf3 c5 2. g3 Nc6 3. Bg2 g6 4. d3 Bg7 5. O-O e5 6. c4 Nge7 7. Nc3 a6 8. Nd5
d6 9. Qb3 Nxd5 10. cxd5 Nd4 11. Nxd4 exd4 12. a4 O-O 13. e4 dxe3 14. fxe3 Rb8
15. Bd2 b5 16. Bc3 Qg5 17. Rae1 Bd7 18. Bxg7 Kxg7 19. Qc3+ f6 20. Qa5 Qe5 21.
d4 Qe7 22. dxc5 dxc5 23. Qxa6 bxa4 24. Rf2 Bb5 25. Qa5 Qe5 26. Qa7+ Rf7 27.
Qxc5 Rc7 28. Qb4 Rc4 29. Qa5 Bd7 30. Qa7 Rd8 31. e4 Rc7 32. Qb6 Rdc8 33. Ref1
f5 34. exf5 Bxf5 35. d6 Rd7 36. Rd1 Rcd8 37. Rfd2 Bg4 38. Rd5 Qf6 39. Rf1 Bf5
40. Rfd1 Be6 41. Rf1 Bf5 42. Rfd1 Be6 43. R5d4 Bb3 44. Bh3 Bxd1 45. Bxd7 Rb8
46. Qc5 a3 47. Rxd1 axb2 48. Bb5 Ra8 49. Bd3 Qf3 50. Qd4+ Kh6 51. Be4 Qb3 52.
Bxa8 b1=Q 53. Qd2+ 1-0

[Event "VII Torneo Banco di Roma B"]
[Site "Roma ITA"]
[Date "1983.02.??"]
[Round "4"]
[White "Kovacs, Laszlo M."]
[Black "Roos, Daniel"]
[Result "1/2-1/2"]
[WhiteElo "2350"]
[BlackElo "2415"]
[PlyCount "61"]
[EventDate "1983.02.19"]

1. e4 c6 2. d4 d5 3. exd5 cxd5 4. Bd3 Nc6 5. Nf3 g6 6. O-O Bg7 7. c3 Nh6 8. Re1
O-O 9. Na3 Bf5 10. Bxh6 Bxh6 11. Bxf5 gxf5 12. Ne5 e6 13. Nc2 Rc8 14. Qe2 Nxe5
15. dxe5 Kh8 16. Nd4 a6 17. Rad1 Rg8 18. Rd3 Rg4 19. Rh3 Re4 20. Qd1 Qg5 21.
Rf1 Rg8 22. Rg3 Rg4 23. f4 Qe7 24. Rxg4 Rxg4 25. g3 b5 26. Kg2 Bf8 27. Qd3 Qb7
28. a3 Rg8 29. Rd1 Be7 30. Kf3 Bc5 31. Qf1 1/2-1/2

[Event "VII Torneo Banco di Roma B"]
[Site "Roma ITA"]
[Date "1983.02.??"]
[Round "4"]
[White "Skembris, Spyridon"]
[Black "Martorelli, Antonio"]
[Result "1-0"]
[WhiteElo "2405"]
[BlackElo "2250"]
[PlyCount "127"]
[EventDate "1983.02.19"]

1. d4 Nf6 2. c4 g6 3. Nc3 Bg7 4. e4 d6 5. h3 O-O 6. Bg5 c5 7. d5 b5 8. cxb5 a6
9. Qd2 Qa5 10. bxa6 Qb4 11. f3 Nbd7 12. Nb5 Bxa6 13. Qxb4 cxb4 14. Nc7 Bxf1 15.
Nxa8 Bc4 16. Rc1 Ne5 17. Nb6 Bxa2 18. Kd2 Rb8 19. Be3 Nfd7 20. Nxd7 Nxd7 21.
Ne2 Ne5 22. Bd4 Bh6+ 23. f4 f5 24. exf5 gxf5 25. Rc7 Bxd5 26. Rhc1 Kf7 27. Be3
Ng6 28. g3 Be4 29. Ra1 Rb5 30. Nd4 Rd5 31. Ra4 b3 32. Rb4 Bg7 33. Kc3 Nf8 34.
Kxb3 Ne6 35. Nxe6 Rd3+ 36. Ka4 Kxe6 37. Rb3 Rd1 38. Kb4 Bf6 39. Rc1 Rd5 40. Re1
Kd7 41. Re2 Rd1 42. Rd2 Rh1 43. h4 e5 44. Ra3 Ke6 45. Ra6 Bd5 46. Bc5 Be7 47.
fxe5 Kxe5 48. Be3 Re1 49. Ra5 Rxe3 50. Raxd5+ Ke6 51. R2d3 Re4+ 52. Ka3 Rg4 53.
b4 Rxg3 54. b5 f4 55. b6 Rxd3+ 56. Rxd3 d5+ 57. Ka4 Ke5 58. Kb5 Ke4 59. Rd1 Bd6
60. Kc6 Bb8 61. Re1+ Kd3 62. Re8 f3 63. Rxb8 d4 64. b7 1-0

[Event "VII Torneo Banco di Roma B"]
[Site "Roma ITA"]
[Date "1983.02.??"]
[Round "5"]
[White "Danner, Georg"]
[Black "Kovacs, Laszlo M."]
[Result "1/2-1/2"]
[WhiteElo "2420"]
[BlackElo "2350"]
[PlyCount "46"]
[EventDate "1983.02.19"]

1. d4 d5 2. Nf3 Nf6 3. c4 e6 4. Nc3 Be7 5. Bg5 h6 6. Bh4 b6 7. cxd5 exd5 8. e3
O-O 9. Bd3 Be6 10. O-O c5 11. Ne5 Nfd7 12. Bxe7 Qxe7 13. f4 cxd4 14. exd4 Qb4
15. Rf2 Nf6 16. g4 g6 17. f5 Qxd4 18. Nf3 Qe3 19. fxe6 Nxg4 20. Qc2 Qxf2+ 21.
Qxf2 Nxf2 22. Kxf2 fxe6 23. Rg1 g5 1/2-1/2

[Event "VII Torneo Banco di Roma B"]
[Site "Roma ITA"]
[Date "1983.02.??"]
[Round "5"]
[White "Martorelli, Antonio"]
[Black "Gobet, Fernand"]
[Result "0-1"]
[WhiteElo "2250"]
[BlackElo "2410"]
[PlyCount "80"]
[EventDate "1983.02.19"]

1. e4 c5 2. Nf3 e6 3. d4 cxd4 4. Nxd4 Nc6 5. Nb5 d6 6. Bf4 e5 7. Be3 a6 8. N5c3
Nf6 9. Nd5 Nxd5 10. exd5 Ne7 11. c4 Nf5 12. Bc1 g6 13. g3 Bg7 14. Bg2 h5 15.
Nc3 Nd4 16. Be3 Bg4 17. f3 Bf5 18. Rc1 h4 19. O-O hxg3 20. hxg3 Bh3 21. Ne4 Qd7
22. Qd2 Bxg2 23. Qxg2 f5 24. Bxd4 fxe4 25. Be3 exf3 26. Qxf3 O-O-O 27. c5 dxc5
28. Rxc5+ Kb8 29. Rfc1 e4 30. Qf4+ Ka8 31. Rc7 Qh3 32. Qxe4 Qxg3+ 33. Kf1 Qh3+
34. Kg1 Rde8 35. Re7 Rxe7 36. Qxe7 Qh1+ 37. Kf2 Rh2+ 38. Kg3 Be5+ 39. Qxe5 Qg2+
40. Kf4 Rh4# 0-1

[Event "VII Torneo Banco di Roma B"]
[Site "Roma ITA"]
[Date "1983.02.??"]
[Round "5"]
[White "Sibilio, Mario"]
[Black "Skembris, Spyridon"]
[Result "1-0"]
[WhiteElo "2250"]
[BlackElo "2405"]
[PlyCount "59"]
[EventDate "1983.02.19"]

1. Nf3 Nc6 2. d4 d5 3. g3 Bf5 4. Bg2 Qd7 5. c4 dxc4 6. d5 O-O-O 7. Nc3 Nb4 8.
Ne5 Qe8 9. e4 e6 10. a3 exd5 11. axb4 dxe4 12. Qa4 Qxe5 13. Qxa7 Bxb4 14. Qa8+
Kd7 15. Qa4+ b5 16. Qxb4 Rb8 17. O-O Ne7 18. Rd1+ Kc8 19. Bf4 Nc6 20. Qa3 Qe6
21. Qa6+ Rb7 22. Rd6 Qxd6 23. Bxd6 Nb8 24. Qa5 cxd6 25. Nxb5 Rd8 26. Nxd6+ Rxd6
27. Qxf5+ Kd8 28. Bxe4 Rxb2 29. Qg5+ f6 30. Qxg7 1-0

[Event "VII Torneo Banco di Roma B"]
[Site "Roma ITA"]
[Date "1983.02.??"]
[Round "6"]
[White "Gobet, Fernand"]
[Black "D'Amore, Carlo"]
[Result "1/2-1/2"]
[WhiteElo "2410"]
[BlackElo "2305"]
[PlyCount "111"]
[EventDate "1983.02.19"]

1. e4 g6 2. d4 Bg7 3. Nc3 d6 4. Nge2 e5 5. dxe5 dxe5 6. Qxd8+ Kxd8 7. Be3 c6 8.
Nc1 Be6 9. Nb3 Nd7 10. Na5 Kc7 11. Bc4 Bxc4 12. Nxc4 Bh6 13. Bxh6 Nxh6 14.
O-O-O f6 15. h4 Nf7 16. Rh3 Nc5 17. Rf3 Nd7 18. b4 Rhe8 19. a4 Re6 20. a5 Rd8
21. Rfd3 Nb8 22. b5 Rxd3 23. b6+ axb6 24. axb6+ Kd7 25. Rxd3+ Ke7 26. Na5 Nd8
27. h5 Rd6 28. hxg6 hxg6 29. Rh3 Nd7 30. Rh7+ Ke6 31. Nb3 f5 32. Na4 fxe4 33.
Nac5+ Nxc5 34. Nxc5+ Kd5 35. Nxb7 Nxb7 36. Rxb7 Kc5 37. Re7 Kxb6 38. Rxe5 Rf6
39. Rxe4 Rxf2 40. Rg4 Rf6 41. Rg5 Kc7 42. Kb2 Kd6 43. Kb3 Ke6 44. c3 Kd6 45.
Kb4 Re6 46. c4 Kc7 47. Kc5 Kb7 48. Rg4 Kc7 49. Rg3 Rf6 50. Kb4 Kb6 51. c5+ Ka6
52. Rg4 Rf1 53. Rxg6 Rf4+ 54. Kc3 Kb5 55. Rg5 Rc4+ 56. Kd3 1/2-1/2

[Event "VII Torneo Banco di Roma B"]
[Site "Roma ITA"]
[Date "1983.02.??"]
[Round "6"]
[White "Martorelli, Antonio"]
[Black "Sibilio, Mario"]
[Result "1-0"]
[WhiteElo "2250"]
[BlackElo "2250"]
[PlyCount "56"]
[EventDate "1983.02.19"]

1. e4 g6 2. d4 Bg7 3. Nc3 c6 4. Nf3 d5 5. h3 Nh6 6. Bf4 dxe4 7. Nxe4 Nf5 8. g4
Nxd4 9. Nxd4 Qxd4 10. Qxd4 Bxd4 11. O-O-O Bg7 12. Bc4 O-O 13. Bg5 b5 14. Bxe7
bxc4 15. Bxf8 Bxf8 16. Nf6+ Kg7 17. Ne8+ Kh6 18. Nc7 Na6 19. Nxa8 Bc5 20. Rd8
Be6 21. Rf1 f5 22. Re1 Bd5 23. f4 fxg4 24. hxg4 Bf2 25. Re7 Bg3 26. Rf8 Nc5 27.
Nc7 Ne4 28. Nxd5 cxd5 1-0

[Event "VII Torneo Banco di Roma B"]
[Site "Roma ITA"]
[Date "1983.02.??"]
[Round "6"]
[White "Skembris, Spyridon"]
[Black "Roos, Daniel"]
[Result "1/2-1/2"]
[WhiteElo "2405"]
[BlackElo "2415"]
[PlyCount "53"]
[EventDate "1983.02.19"]

1. d4 Nf6 2. c4 g6 3. Nc3 d5 4. Bf4 Bg7 5. Rc1 O-O 6. e3 c6 7. Nf3 dxc4 8. Bxc4
Nbd7 9. O-O Nb6 10. Bb3 Nfd5 11. Bg3 Nxc3 12. Rxc3 Bg4 13. h3 Bxf3 14. Qxf3 e6
15. Rfc1 Qe7 16. Qe4 Rfe8 17. Bd1 e5 18. dxe5 Bxe5 19. Bxe5 Qxe5 20. Qxe5 Rxe5
21. Rd3 Re7 22. Bf3 Rd7 23. Rxd7 Nxd7 24. Rd1 Nb6 25. Rd3 Kf8 26. h4 Ke7 27.
Kf1 1/2-1/2

[Event "VII Torneo Banco di Roma B"]
[Site "Roma ITA"]
[Date "1983.02.??"]
[Round "7"]
[White "D'Amore, Carlo"]
[Black "Kovacs, Laszlo M."]
[Result "0-1"]
[WhiteElo "2305"]
[BlackElo "2350"]
[PlyCount "142"]
[EventDate "1983.02.19"]

1. Nf3 d5 2. g3 g6 3. Bg2 Bg7 4. O-O e5 5. d3 Ne7 6. c3 a5 7. Nbd2 O-O 8. e4
Nbc6 9. a4 h6 10. exd5 Nxd5 11. Nc4 Re8 12. Re1 Bf5 13. Qb3 Qd7 14. Bd2 Rad8
15. d4 exd4 16. Nxd4 Nxd4 17. cxd4 Bxd4 18. Qxb7 Rxe1+ 19. Rxe1 Nb6 20. Nxb6
cxb6 21. Qxd7 Rxd7 22. Bc3 Bxc3 23. bxc3 Rd3 24. Rc1 Bd7 25. Bf1 Rd2 26. Bb5
Bh3 27. Bf1 Bf5 28. h4 Kf8 29. Re1 Rc2 30. Bb5 Rxc3 31. Re8+ Kg7 32. Rb8 Rc1+
33. Kh2 Rc2 34. g4 Bxg4 35. Rxb6 h5 36. Kg2 Be6 37. Ra6 Bd5+ 38. Kg1 Rc1+ 39.
Kh2 Rh1+ 40. Kg3 Rg1+ 41. Kh3 f6 42. Rxa5 Rh1+ 43. Kg3 Rg1+ 44. Kh3 Be6+ 45.
Kh2 Rg4 46. Bc6 Rxh4+ 47. Kg1 Rg4+ 48. Kh2 Kh6 49. Rc5 Rb4 50. a5 Rb2 51. Kg1
Ra2 52. Bb7 Bf5 53. a6 h4 54. Rb5 Bd3 55. Rb6 Kg5 56. Re6 f5 57. Rd6 Bc4 58.
Rb6 Bd3 59. Rd6 Be4 60. f4+ Kxf4 61. Rxg6 Ke3 62. Bxe4 fxe4 63. Rh6 Kd3 64.
Rd6+ Ke2 65. Kg2 e3 66. Kg1 Ke1 67. Re6 e2 68. Kg2 Ra3 69. Kh2 Ra1 70. Kg2 Kd2
71. Rd6+ Kc3 0-1

[Event "VII Torneo Banco di Roma B"]
[Site "Roma ITA"]
[Date "1983.02.??"]
[Round "7"]
[White "Danner, Georg"]
[Black "Skembris, Spyridon"]
[Result "1/2-1/2"]
[WhiteElo "2420"]
[BlackElo "2405"]
[PlyCount "48"]
[EventDate "1983.02.19"]

1. d4 d5 2. c4 dxc4 3. Nf3 Nf6 4. e3 e6 5. Bxc4 c5 6. O-O Qc7 7. Qe2 Nc6 8. Nc3
a6 9. d5 exd5 10. Nxd5 Nxd5 11. Bxd5 Be7 12. b3 O-O 13. Bb2 Nb4 14. Be4 Be6 15.
Rad1 Rad8 16. Be5 Qc8 17. Qb2 f6 18. Bc3 Nd5 19. Ba5 Rd6 20. Qc2 f5 21. Bd3 b6
22. Bd2 Rfd8 23. e4 fxe4 24. Bxe4 Nf6 1/2-1/2

[Event "VII Torneo Banco di Roma B"]
[Site "Roma ITA"]
[Date "1983.02.??"]
[Round "7"]
[White "Roos, Daniel"]
[Black "Martorelli, Antonio"]
[Result "1-0"]
[WhiteElo "2415"]
[BlackElo "2250"]
[PlyCount "135"]
[EventDate "1983.02.19"]

1. e4 c5 2. Nc3 e6 3. Nge2 Nc6 4. g3 d5 5. Bg2 d4 6. Nb1 e5 7. d3 Be6 8. f4 f6
9. O-O Qd7 10. Nd2 Bd6 11. Nf3 Nge7 12. Bd2 O-O-O 13. a3 h6 14. f5 Bf7 15. Nh4
Kb8 16. b3 Bc7 17. Bf3 Rc8 18. Nc1 h5 19. b4 cxb4 20. axb4 a6 21. b5 axb5 22.
Na2 Ba5 23. Bxa5 Nxa5 24. Nb4 Nac6 25. Na2 Kc7 26. Nc1 Kb6 27. Rb1 Qd6 28. Qd2
Ra8 29. Ng2 Ra3 30. Ne2 Qc5 31. Rb2 Rha8 32. Rfb1 Ra1 33. Ne1 Rxb1 34. Rxb1 Ra4
35. Kg2 Rb4 36. Rxb4 Nxb4 37. Kh3 Nbc6 38. Kh4 g5+ 39. fxg6 Nxg6+ 40. Kh3 Be6+
41. Kg2 h4 42. Qh6 Qb4 43. Kf2 hxg3+ 44. hxg3 Nge7 45. Qxf6 Bg8 46. Bh5 Nc8 47.
Be8 Qe7 48. Qxe7 N8xe7 49. g4 b4 50. Nc1 Kc7 51. Nf3 Kd8 52. Bxc6 Nxc6 53. Kg3
Ke7 54. Kh4 Kf6 55. Kh5 Be6 56. Nh4 Ne7 57. Nb3 Bf7+ 58. Kh6 Ng8+ 59. Kh7 Kg5
60. Nf3+ Kf4 61. Nbd2 b3 62. cxb3 Ne7 63. Kg7 Bxb3 64. Nxb3 Kxf3 65. Kf7 Kxg4
66. Kxe7 Kf4 67. Kd6 Ke3 68. Kxe5 1-0

[Event "VII Torneo Banco di Roma B"]
[Site "Roma ITA"]
[Date "1983.02.??"]
[Round "7"]
[White "Sibilio, Mario"]
[Black "Gobet, Fernand"]
[Result "1/2-1/2"]
[WhiteElo "2250"]
[BlackElo "2410"]
[PlyCount "87"]
[EventDate "1983.02.19"]

1. Nf3 d5 2. d4 Nc6 3. Bf4 Bg4 4. e3 e6 5. h3 Bxf3 6. Qxf3 Nf6 7. c4 Bb4+ 8.
Nc3 Ne4 9. Rc1 Qe7 10. cxd5 exd5 11. Bb5 O-O 12. Qe2 Nd8 13. O-O c6 14. Nxe4
dxe4 15. Bc4 Ne6 16. Bh2 Bd6 17. Bxd6 Qxd6 18. Qc2 Rae8 19. Qxe4 Ng5 20. Qc2
Kh8 21. Bd3 Qh6 22. Rce1 Re7 23. f4 Ne6 24. f5 Ng5 25. Rf4 Rfe8 26. h4 Nh3+ 27.
gxh3 Rxe3 28. Rxe3 Rxe3 29. Re4 Rxe4 30. Bxe4 Qe3+ 31. Kg2 Qxd4 32. Kf3 Qf6 33.
Qc5 h5 34. Kg3 Kh7 35. Qf2 a5 36. Qf4 Kg8 37. Qb8+ Kh7 38. Qxb7 Qd6+ 39. Kf3
Qd1+ 40. Ke3 Qe1+ 41. Kd3 Qb1+ 42. Kd4 Qg1+ 43. Kc4 Qc1+ 44. Kd3 1/2-1/2

[Event "VII Torneo Banco di Roma B"]
[Site "Roma ITA"]
[Date "1983.02.??"]
[Round "8"]
[White "Gobet, Fernand"]
[Black "Kovacs, Laszlo M."]
[Result "1-0"]
[WhiteElo "2410"]
[BlackElo "2350"]
[PlyCount "129"]
[EventDate "1983.02.19"]

1. e4 e5 2. Nf3 Nc6 3. Bb5 a6 4. Bxc6 dxc6 5. O-O f6 6. d4 Bg4 7. dxe5 Qxd1 8.
Rxd1 fxe5 9. Rd3 Bd6 10. Nbd2 Nf6 11. b3 O-O-O 12. Bb2 Bxf3 13. Nxf3 Nxe4 14.
Nxe5 Rhf8 15. f3 Nc5 16. Rdd1 Ne6 17. Nd3 g6 18. Re1 Nf4 19. Nxf4 Bxf4 20. Rad1
Bd2 21. Rf1 Rf5 22. g3 Rfd5 23. Kg2 Ba5 24. Rxd5 cxd5 25. f4 Re8 26. Be5 c6 27.
h4 Bc7 28. Bxc7 Kxc7 29. Kf3 d4 30. g4 Re3+ 31. Kg2 Rc3 32. Rf2 Kd7 33. Re2 h5
34. f5 gxf5 35. gxh5 f4 36. Kh2 f3 37. Rf2 Rc5 38. Kg3 Rxh5 39. Rxf3 Ke6 40.
Kg4 Rh8 41. Rh3 Rg8+ 42. Kf3 Kf5 43. h5 Re8 44. Rh2 Re3+ 45. Kf2 Re7 46. a4 a5
47. Kf3 Re3+ 48. Kf2 Re7 49. Rh3 Kg4 50. Rh1 Kg5 51. h6 Rh7 52. Kf3 Kf5 53. Ke2
Ke4 54. Rh4+ Kd5 55. Kd3 c5 56. Rh5+ Kc6 57. Ke4 b5 58. Ke5 bxa4 59. bxa4 Rd7
60. Ke4 Rh7 61. Kd3 Kd7 62. Kc4 Kd6 63. Rh1 Kc6 64. Rh2 Kd6 65. Rh5 1-0